Rethinking organisational behaviour

Αποθηκεύτηκε σε:
Λεπτομέρειες βιβλιογραφικής εγγραφής
Κύριος συγγραφέας: Jackson, Norman, 1945-
Άλλοι συγγραφείς: Carter, Pippa
Μορφή: Βιβλίο
Γλώσσα:English
Δημοσίευση: Harlow, England : Prentice Hall, c2000
Θέματα:
Ετικέτες: Προσθήκη ετικέτας
Δεν υπάρχουν, Καταχωρήστε ετικέτα πρώτοι!

MARC

LEADER 00000cam a2200000 i 4500
001 1/40262
008 140117s2000 eng d
020 |a 0-273-63007-5 
035 |l 10116354 
040 |a GR-MY-UA  |b gre  |e aacr 
041 0 |a eng 
082 0 |a 302.35  |2 (22) 
100 1 |a Jackson, Norman,   |d 1945- 
245 1 0 |a Rethinking organisational behaviour /  |c Norman Jackson, Pippa Carter 
260 |a Harlow, England :   |b Prentice Hall,   |c c2000 
300 |a ix, 302 σ.;  |c 25 εκ. 
504 |a Βιβλιογραφία: σ. 272-293. Ευρετήριο 
650 0 0 |a Organizational behavior. 
700 1 |a Carter, Pippa. 
852 |a INST  |b SYROS  |e 20140117  |h 302.35 JAC  |p 005500011237  |q 005500011237  |t BK  |y 0 
901 |a BIBL5-2013-1 
909 |a Ε  |b 174676 
970 |a ΚΟΝΤΟΥ  |b ΠΑΡΑΣΚΕΥΗ  |z 2014/01/17